00453cam a2200157ua 45000010005000000080039000050400009000440820008000532450069000612500009001302600042001393000020001816530023002016530049002247000022002731059110427n ii |||gr||||Z||||||eng cMAIN a3511 aEvolution of public administration in India.cBy Sri Ram Sharma. a1st. aAllahabad.:bCentral book depot.,965. a414 p.:c20 cm. aPolitical science. aEvolution of public administration in India.1 aSharma, Sri Ram.,